000 00292nam a22001457a 4500
008 210312b ||||| |||| 00| 0 eng d
020 _a0812351088
041 _aeng
080 _a37
082 _a37
100 _a25
101 _aEDU
245 _aEnglish
_cMcdougal,L
942 _2udc
_cBK
999 _c56507
_d56507